Visualizzazione normale
Vista MARC
- ANIMAZIONE
di Topical Term
Records bibliografici associati: 1
001 - CONTROL NUMBER
- control field: 52098
003 - CONTROL NUMBER IDENTIFIER
- control field: IT-RoPau
005 - DATE AND TIME OF LATEST TRANSACTION
- control field: 20151202211449.0
008 - FIXED-LENGTH DATA ELEMENTS
- fixed length control field: 151202|| aca||aabn | a|a d
040 ## - CATALOGING SOURCE
- Original cataloging agency: IT-RoPau
- Transcribing agency: IT-RoPau
150 ## - HEADING--TOPICAL TERM
- Topical term or geographic name entry element: ANIMAZIONE
- : FILMS [VHS]
- General subdivision: Codice MATERIA SPICS: 9960
670 ## - SOURCE DATA FOUND
- Source citation: Work cat.: (IT-RoPau)107436: Disney Walt Codice regista SPICS: 7184 36689, BIANCANEVE E I SETTE NANI BIANCANEVE E I SETTE NANI (Rif. Codice opera principale : D3917)